| 000 | 00503nam a2200181 a 4500 | ||
|---|---|---|---|
| 005 | 20140310183136.0 | ||
| 008 | 020822s19uu xx 00 eng d | ||
| 020 | _a0030190290 | ||
| 050 |
_aHF 5415 _b.St877 1998 |
||
| 100 | _aStone, David P. | ||
| 245 |
_aStudy guide for the telecourse : _bmarketing / _cDavid P. Stone. |
||
| 260 |
_aLondon : _bThe Dryden press, _c1998. |
||
| 300 |
_a431 p. : _bill. ; _c28 cm. |
||
| 521 | _aBSBA | ||
| 650 | _aMarketing | ||
| 942 |
_cBK _2lcc _kFOR |
||
| 999 |
_c19291 _d19291 |
||